000 00773nam a22002417a 4500
003 OSt
005 20250814021830.0
008 240701b |||||||| |||| 00| 0 eng d
020 _a9780323528948
040 _aDWCL - Main Lib.
_cOC
082 _aCirc. 610.734 N665c 2023
100 _aNies, Mary A.
245 _aCommunity and public health nursing /
_cMary A. Nies & Melanie Mcewen
250 _a2nd Philippine edition
260 _aSingapore:
_bElsevier,
_cc2023.
300 _axiii, 452 pages:
_billustrations;
_c24cm.
504 _aIncludes index.
650 _a1. Community health nursing.
650 _a 2. Health promotion.
650 _a3. Public Health Nursing.
700 _aMcewen, Melanie
942 _2ddc
_cBK-CIRC
_kCirc.
_n0
_e2nd Philippine edition
999 _c1725
_d1725